000 01664nam a2200265 a 4500
001 000000697
005 20260312134858.0
008 090422s2006 dr 000 0 spa d
040 _aDO-SdBNP
_bspa
_cBNPHU
082 _a320.4
_bR741n
100 1 _aRojas, Roberto
_92369
245 1 0 _aNuevos conceptos sobre moral y cívica /
_cRoberto Rojas.
260 _aSanto Domingo :
_bFacundo,
_c[2006].
300 _a230 p. ;
_c20 cm.
505 0 _tIntroducción --
_tConcepto de civismo --
_tImportancia de la educación cívica --
_tValores que sustentan la educación cívica --
_tLa moral y la ética --
_tSobre los buenos modales --
_tLa higiene y la educación cívica --
_tCivismo y educación vial --
_tAma y respeta nuestros símbolos patrios --
_tGesta y héroes nacionales --
_tLa familia y la educación cívica --
_tEl papel de la iglesia en la sociedad --
_tEl Estado y la división de los poderes --
_tDel Distrito Nacional, las provincias y los municipios --
_tEl civismo y las relaciones humanas --
_tCivismo y cultura --
_tCivismo y derechos humanos --
_tCivismo, medio ambiente y recursos naturales --
_tImportantes definiciones --
_tDías feriados y/o conmemorativos --
_tPensamientos que fortalecen la sabiduría y deleitan el espíritu --
_tBibliografía
590 _aLa biblioteca posee 3 ejemplares autografiados por el autor
590 _aInventariado,2018/DG
650 0 _aEducación moral
_91607
650 0 _aEducación cívica
_91206
650 0 _aÉtica social
_91353
650 4 _aHimnos patrióticos
_92370
650 0 _aIglesia y problemas sociales
_92371
650 4 _aHéroes
_zRepública Dominicana
_92372
910 _aValidado. Control de calidad MFF
999 _c693
_d693